01022nam a2200193Ia 4500001000900000003001000009008004100019040002500060041001300085100002300098245003800121250001100159260006700170300001200237500021100249501011400460520021100574650004300785L130-924IT-CnALBA170116s9999||||xx |||||||||||||| ||und|| aIT-CnALBAcIT-CnALBA aITALIANO aOMEZ REGINALD, OP. 0aSI può COMUNICARE CON I MORTI?  a1a ed. aCINISELLO BALSAMO (MI)bEDIZIONI PAOLINEc1956 [1° Ed.: n.d.] a242 p.  aTRADUZIONE BENEDETTI MARIO. RISPOSTE NEL VECCHIO TESTAMENTO E DELL'EBRAISMO ATTUALE. RISPOSTA DI GESÙ CRISTO. TEOLOGIA CATTOLICA. SPIRITISMO. PARAPSICOLOGIA NUOVO SPIRITISMO. SATANA TEOSOFIA CONCLUSIONE.  aSocietà San Paolo EM - Piazza San Paolo, 14 - 12051 ALBA (CN) (non commercial uses only) ® Copyright 2017 aTRADUZIONE BENEDETTI MARIO. RISPOSTE NEL VECCHIO TESTAMENTO E DELL'EBRAISMO ATTUALE. RISPOSTA DI GESÙ CRISTO. TEOLOGIA CATTOLICA. SPIRITISMO. PARAPSICOLOGIA NUOVO SPIRITISMO. SATANA TEOSOFIA CONCLUSIONE.  aPSICOLOGIA POPOL. PARAPSICOL. OCCULTIS